The influence of regional development incentives and infrastructure on the location of small and medium sized companies in Europe (Record no. 33538)
[ view plain ]
| 000 -LEADER | |
|---|---|
| fixed length control field | 00981cab a2200265 4500 |
| 001 - CONTROL NUMBER | |
| control field | ABS45715 |
| 008 - FIXED-LENGTH DATA ELEMENTS--GENERAL INFORMATION | |
| fixed length control field | 090401t1991 xxu||||| |||| 00| 0 eng d |
| 035 ## - SYSTEM CONTROL NUMBER | |
| System control number | (Sirsi) u54708 |
| 041 ## - LANGUAGE CODE | |
| Language code of text/sound track or separate title | eng |
| 100 ## - MAIN ENTRY--PERSONAL NAME | |
| Personal name | Moore, B. |
| 245 #4 - TITLE STATEMENT | |
| Title | The influence of regional development incentives and infrastructure on the location of small and medium sized companies in Europe |
| 260 ## - PUBLICATION, DISTRIBUTION, ETC. | |
| Date of publication, distribution, etc. | 1991 |
| 350 ## - PRICE (NR) (BK AM CF MU VM SE) [OBSOLETE] | |
| Price | 0 |
| 490 ## - SERIES STATEMENT | |
| Series statement | Urban Studies |
| Volume/sequential designation | 28(6) December 1991, 1001-1026(26) |
| 520 ## - SUMMARY, ETC. | |
| Summary, etc. | Describes the questionnaire sent to almost 1400 companies and conclusions drawn from it, notably that regional development assistance was the greatest incentive for company location. Explains differences between industrial sectors and EC countries. |
| 650 ## - SUBJECT ADDED ENTRY--TOPICAL TERM | |
| Topical term or geographic name entry element | EUROPEAN COMMUNITY |
| 650 ## - SUBJECT ADDED ENTRY--TOPICAL TERM | |
| Topical term or geographic name entry element | LABOUR SUPPLY |
| 650 ## - SUBJECT ADDED ENTRY--TOPICAL TERM | |
| Topical term or geographic name entry element | REGIONAL DEVELOPMENT |
| 650 ## - SUBJECT ADDED ENTRY--TOPICAL TERM | |
| Topical term or geographic name entry element | WAGES |
| 690 ## - LOCAL SUBJECT ADDED ENTRY--TOPICAL TERM (OCLC, RLIN) | |
| Topical term or geographic name as entry element | ECONOMIC AND SOCIAL |
| 700 ## - ADDED ENTRY--PERSONAL NAME | |
| Personal name | Tyler, P. |
| 700 ## - ADDED ENTRY--PERSONAL NAME | |
| Personal name | Elliott, D. |
| 942 ## - ADDED ENTRY ELEMENTS (KOHA) | |
| Suppress in OPAC | 0 |
| 948 ## - LOCAL PROCESSING INFORMATION (OCLC); SERIES PART DESIGNATOR (RLIN) | |
| c (OCLC) | 04/03/1997 |
| Withdrawn status | Lost status | Source of classification or shelving scheme | Damaged status | Not for loan | Home library | Current library | Shelving location | Date acquired | Total Checkouts | Full call number | Barcode | Date last seen | Copy number | Price effective from | Koha item type |
|---|---|---|---|---|---|---|---|---|---|---|---|---|---|---|---|
| Dewey Decimal Classification | London | London | Journal article | 14/09/1999 | ABS45715 | 54708-1001 | 06/08/2019 | 1 | 06/08/2019 | Journal article |